000 00575nam a2200205Ia 4500
999 _c31280
_d31280
001 31158
003 PK-LaUMT
005 20220902154920.0
008 140416s9999 xx 000 0 und d
020 _a0-8213-5685-2
040 _cPK-LaUMT
082 _aW 303.485
_bBEN-U
100 _aBenson, Charlotte
245 _aUnderstanding the economic and financial impacts of natural disasters
_cBenson, Charlotte<>Edward J. Clay
260 _aWashington,USA:
_bWorld Bank,
_c2004
300 _a119 p.
546 _aEN
700 _aEdward J. Clay
942 _cWEEDED OUT
_2ddc